00641nam a22001937i 4500003000900000005001700009007000300026008004100029020001800070040002900088041000700117082001800124245010900142264006400251300004400315336002700359337003300386338002800419DO-SdBNP20250606085453.0ta250606b2012 |||||||| |||| 00| 0 spa d a9789589875889 aDO-SdBNPbspcBNPHUerda hsp axxxbL6972220 aEl libro del carnaval internacional de las artes 2011 :bediciones la cueva /cEditor Heriberto Fiorillo aBogotá, Colombia :bPanamericana Formas e Impresos,c2012 a253 páginas :bilustraciones ;c24 cm ardacontentbtexto2txt ardamediabsin mediación2n ardacarrierbvolumen2nc